LEADER 00944nas 2200361 c 450 001 9910893046503321 005 20260218111818.0 035 $a(CKB)5280000000192809 035 $a(DE-101)1138123226 035 $a(DE-599)ZDB2902446-8 035 $a(DE-599)2902446-8 035 $a(EXLCZ)995280000000192809 100 $a20170811a20119999 |y | 101 0 $aeng 135 $aur||||||||||| 181 $ctxt$2rdacontent 182 $cc$2rdamedia 183 $acr$2rdacarrier 200 00$aAware 210 31$aChorley$cChorley and District Writers' Circle$dNovember 2011- 215 $aOnline-Ressource 300 $aFortsetzung der Druck-Ausgabe 300 $aGesehen am 11. August 2017 311 08$a1751-1798 608 $aZeitschrift$2gnd-content 676 $a820 801 0$b0007 801 1$bDE-101 801 2$b9001 906 $aJOURNAL 912 $a9910893046503321 996 $aAware$91956453 997 $aUNINA